000 01287nam0a22003011 4500
001 v19\rc\1684521
005 20250619021711.0
035 _a(NLR Aleph) 004789687
090 _a4715875
_c4715875
100 _a20061002d1896 |||y0rusy50 ca
101 0 _arus
102 _aRU
105 _ay g |||||
200 1 _aНеобходимая настольная справочная книга
_e(Экспонируется на Всерос. пром. худож. выставке 1896 г. в Нижнем Новгороде)
_eДля пароход. о-в, всякого рода транспорт. контор, ф-к, з-дов, складов...
_eТариф. и коммерч. дело рос. ж. д.
_fСост. и изд. В. Гончаров
205 _aНеофиц. изд.
210 _aМосква
_d1896
215 _aXIV, 223 с.
_d22
700 1 _aГончаров
_bВ.
_4220
_4650
712 1 2 _aВсероссийская промышленная и художественная выставка
_f1896
_eН. Новгород
801 0 _aRU
_bNLR
_gpsbo
801 0 _aRU
_bRuMoRGB
_2psbo
801 1 _aRU
_bProSoft-M
_2rusmarc
852 _aNLR
_j38.47.4.46
899 _aRuMoRGB
_jA 243/542
899 _aБАН
899 _aНБ МГУ
942 _cBOOK
980 _aNB